[Event "Titled Tue 3rd Jun Early"]
[Site "chess.com INT"]
[Date "2025.06.03"]
[Round "11"]
[White "Yushko, Olga"]
[Black "Anakok, Deniz"]
[Result "1-0"]
[WhiteTitle "WFM"]
[BlackTitle "CM"]
[WhiteElo "2036"]
[BlackElo "2058"]
[WhiteFideId "14114500"]
[BlackFideId "51603586"]
[EventDate "2025.06.03"]

1. d4 d5 2. c4 c6 3. cxd5 cxd5 4. Nc3 Nc6 5. Bf4 Nf6 6. e3 e6 7. Bd3 Bd6 8. Bg5
O-O 9. Nf3 h6 10. Bh4 a6 11. Rc1 b5 12. Nxd5 exd5 13. Rxc6 Bb4+ 14. Ke2 Be6 15.
Bb1 Qd7 16. Qc2 Ne4 17. Ne5 Qb7 18. f3 f5 19. fxe4 fxe4 20. Rxe6 1-0

[Event "Titled Tue 3rd Jun Early"]
[Site "chess.com INT"]
[Date "2025.06.03"]
[Round "11"]
[White "Bustelo, Tabare"]
[Black "Wyss, Jonas"]
[Result "0-1"]
[WhiteTitle "CM"]
[BlackTitle "FM"]
[WhiteElo "2043"]
[BlackElo "2278"]
[WhiteFideId "3000362"]
[BlackFideId "1311387"]
[EventDate "2025.06.03"]

1. e4 c6 2. d4 d5 3. Nc3 dxe4 4. f3 exf3 5. Qxf3 Qxd4 6. Be3 Qg4 7. Qf2 e5 8.
Be2 Qf5 9. Qg3 Nf6 10. Bd3 e4 11. Be2 Bb4 12. Nh3 O-O 13. Rf1 Qa5 14. Rxf6 Bxc3+
15. Kf2 Bxf6 16. Rf1 Bxh3 17. Qxh3 Na6 18. Kg1 Qe5 19. c3 Rad8 20. Bd4 Rxd4 21.
cxd4 Qxd4+ 22. Kh1 Rd8 23. Qg4 e3 24. Qg3 Nc5 25. b4 Ne4 26. Qf3 Nf2+ 27. Kg1 h6
28. h3 Rd5 29. g4 Rg5 30. Kg2 h5 31. Rd1 hxg4 32. Rxd4 gxf3+ 33. Kxf3 Bxd4 0-1

[Event "Titled Tue 3rd Jun Early"]
[Site "chess.com INT"]
[Date "2025.06.03"]
[Round "11"]
[White "Demchenko, Yaroslav"]
[Black "Lyutsinger, Iren"]
[Result "0-1"]
[WhiteTitle "CM"]
[BlackTitle "FM"]
[WhiteElo "2286"]
[BlackElo "2266"]
[WhiteFideId "14186667"]
[BlackFideId "34425969"]
[EventDate "2025.06.03"]

1. Nf3 Nf6 2. b3 d6 3. Bb2 e5 4. d3 Nc6 5. g3 Bg4 6. Bg2 Qd7 7. Nbd2 Be7 8. c4
Bh3 9. O-O h5 10. e3 O-O-O 11. d4 h4 12. Nxh4 g5 13. Nhf3 Bxg2 14. Kxg2 Qh3+ 15.
Kg1 e4 16. Nxe4 Nxe4 17. Re1 g4 18. d5 Ne5 19. Bxe5 dxe5 20. Rc1 gxf3 21. Qxf3
Qxh2+ 22. Kf1 Nd2+ 0-1

[Event "Titled Tue 3rd Jun Early"]
[Site "chess.com INT"]
[Date "2025.06.03"]
[Round "11"]
[White "Myagmarsuren, Evsuld"]
[Black "Lyakh, Vasiliy"]
[Result "0-1"]
[WhiteTitle "FM"]
[WhiteElo "2292"]
[BlackElo "2116"]
[WhiteFideId "1551639"]
[BlackFideId "14189828"]
[EventDate "2025.06.03"]

1. e4 Nc6 2. Nf3 d5 3. exd5 Qxd5 4. Nc3 Qa5 5. d4 Bg4 6. Be2 O-O-O 7. O-O Nf6 8.
Be3 e5 9. Bd2 exd4 10. Ne4 Qd5 11. Nxf6 gxf6 12. h3 Bh5 13. Bf4 Rg8 14. Kh1 Ne5
15. Rg1 Nxf3 16. Bxf3 Bxf3 17. Qxf3 Qxf3 18. gxf3 Bc5 19. Rxg8 Rxg8 20. Rg1
Rxg1+ 21. Kxg1 Kd7 22. Kf1 Bd6 23. Bd2 c5 24. a4 a6 25. a5 Kc6 26. Ke2 Kb5 27.
b3 Bc7 28. c4+ dxc3 29. Bxc3 f5 30. Kd3 Bxa5 31. Be5 Be1 32. Ke2 Bb4 33. Kd3 Kc6
34. h4 Kd5 35. f4 b5 36. f3 h5 37. Bc3 Bxc3 38. Kxc3 b4+ 39. Kd3 a5 40. Ke3 c4 0-1

[Event "Titled Tue 3rd Jun Early"]
[Site "chess.com INT"]
[Date "2025.06.03"]
[Round "11"]
[White "Khoo-Thwe, Louis"]
[Black "Fadi, Marko"]
[Result "0-1"]
[WhiteTitle "CM"]
[BlackTitle "FM"]
[WhiteElo "2214"]
[BlackElo "2244"]
[WhiteFideId "1538756"]
[BlackFideId "10605371"]
[EventDate "2025.06.03"]

1. e4 g6 2. d4 Bg7 3. Nc3 c5 4. Be3 cxd4 5. Bxd4 Nf6 6. e5 Nh5 7. g4 Nf4 8. Bc4
Nc6 9. Nf3 d6 10. e6 Nxd4 11. exf7+ Kf8 12. Nxd4 e5 13. Ndb5 Qf6 14. Ne4 Ng2+
15. Kf1 Ne3+ 16. Kg1 Nxd1 17. Nxf6 Nxb2 18. Bb3 Bxf6 19. Rd1 Bxg4 20. Rxd6 Kg7
21. Nc7 Rac8 22. Ne8+ Rhxe8 23. fxe8=N+ Rxe8 24. Kg2 e4 25. Rb1 Bf3+ 26. Kf1 Re7
27. Rxf6 Kxf6 28. Rxb2 Rd7 29. c3 Ke5 30. Ba4 Rc7 31. Rc2 Bd1 0-1

[Event "Titled Tue 3rd Jun Early"]
[Site "chess.com INT"]
[Date "2025.06.03"]
[Round "11"]
[White "Galchenko, Matvey"]
[Black "Madaminov, Mukhiddin"]
[Result "0-1"]
[WhiteTitle "IM"]
[BlackTitle "GM"]
[WhiteElo "2442"]
[BlackElo "2520"]
[WhiteFideId "24175480"]
[BlackFideId "14210703"]
[EventDate "2025.06.03"]

1. e4 c5 2. c3 Nf6 3. e5 Nd5 4. Nf3 Nc6 5. Bc4 Nb6 6. Bb3 d6 7. exd6 Qxd6 8. O-O
Bf5 9. d4 cxd4 10. Nxd4 Nxd4 11. cxd4 e6 12. Nc3 Be7 13. Qf3 O-O 14. Qxb7 Rfb8
15. Qf3 Qxd4 16. Bf4 Rd8 17. Rfd1 Qb4 18. Bc7 Rxd1+ 19. Qxd1 Rc8 20. Be5 Nc4 21.
Bxc4 Rxc4 22. Qe2 h6 23. Rd1 Bc5 24. h3 Bb6 25. Rd8+ Kh7 26. Qh5 Bxd8 27. Qxf7
Qe7 28. Qh5 Bc7 29. Qe2 Rc6 30. Bd4 Qd6 31. Qe3 Qh2+ 0-1

[Event "Titled Tue 3rd Jun Early"]
[Site "chess.com INT"]
[Date "2025.06.03"]
[Round "11"]
[White "Sapocinic, Semion"]
[Black "Slovineanu, Viacheslav"]
[Result "1-0"]
[WhiteTitle "FM"]
[BlackTitle "IM"]
[WhiteElo "2309"]
[BlackElo "2412"]
[WhiteFideId "13908693"]
[BlackFideId "13900510"]
[EventDate "2025.06.03"]

1. d4 Nf6 2. Nf3 d5 3. e3 e6 4. b3 c5 5. Bb2 Bd6 6. Bd3 b6 7. O-O O-O 8. Nbd2
Bb7 9. Re1 Nc6 10. e4 dxe4 11. Nxe4 Nxd4 12. Nxd4 cxd4 13. Nxd6 Qxd6 14. Qe2
Rfe8 15. Qe5 Qxe5 16. Rxe5 Nd7 17. Ree1 e5 18. Bb5 Rad8 19. c3 dxc3 20. Bxc3 f6
21. Rad1 Bc8 22. Rd2 Kf8 23. Red1 Ke7 24. Bb4+ Nc5 25. Bxe8 Rxe8 26. Rc1 f5 27.
Bxc5+ bxc5 28. Rxc5 Kf6 29. f3 g5 30. Kf2 h5 31. Rd6+ Be6 32. Rc7 g4 33. Rxa7
gxf3 34. gxf3 e4 35. fxe4 fxe4 36. Raa6 Ke5 37. Rxe6+ 1-0

[Event "Titled Tue 3rd Jun Early"]
[Site "chess.com INT"]
[Date "2025.06.03"]
[Round "11"]
[White "Lau, Lut Yin Luke"]
[Black "Chelly, Yahya"]
[Result "1-0"]
[WhiteTitle "CM"]
[BlackTitle "CM"]
[WhiteElo "2243"]
[BlackElo "2039"]
[WhiteFideId "6002226"]
[BlackFideId "5516200"]
[EventDate "2025.06.03"]

1. e4 c6 2. d4 d5 3. Nc3 dxe4 4. Nxe4 Nf6 5. Nxf6+ exf6 6. Be3 Bd6 7. Bd3 O-O 8.
Qd2 Re8 9. O-O-O Be6 10. Kb1 Nd7 11. Ne2 Nf8 12. g4 Bxg4 13. Rhg1 Bh5 14. Rc1
Bg6 15. h4 Bxd3 16. Qxd3 b5 17. h5 Qe7 18. Nc3 Bb4 19. Bh6 Ne6 20. Ne4 Qd8 21.
Bxg7 Nxg7 22. h6 Bf8 23. hxg7 Bd6 24. Rh1 f5 25. Qh3 Kxg7 26. Qh6+ Kg8 27. Rcg1+ 1-0

[Event "Titled Tue 3rd Jun Early"]
[Site "chess.com INT"]
[Date "2025.06.03"]
[Round "11"]
[White "Gonzalez Vega, Alejandro"]
[Black "Murawski, Jan"]
[Result "0-1"]
[WhiteTitle "FM"]
[BlackTitle "CM"]
[WhiteElo "2092"]
[BlackElo "2191"]
[WhiteFideId "3510042"]
[BlackFideId "21009287"]
[EventDate "2025.06.03"]

1. d4 Nf6 2. c4 a6 3. Nc3 b5 4. cxb5 axb5 5. Nf3 b4 6. Nb1 d5 7. Bf4 Bf5 8. Nbd2
e6 9. e3 Bd6 10. Ne5 O-O 11. Be2 Ne4 12. g4 Nxd2 13. Qxd2 Be4 14. f3 Bg6 15. h4
f6 16. Nxg6 hxg6 17. Bd3 Bxf4 18. exf4 f5 19. g5 Kf7 20. Qxb4 Nc6 21. Qc3 Qd6
22. Rc1 Ne7 23. h5 gxh5 24. Rxh5 Qxf4 25. Be2 Rh8 26. Rxh8 Rxh8 27. Kd1 Rh1+ 0-1

[Event "Titled Tue 3rd Jun Early"]
[Site "chess.com INT"]
[Date "2025.06.03"]
[Round "11"]
[White "Terkiewicz, Bruno"]
[Black "Porozhnyak, Maya"]
[Result "1-0"]
[WhiteTitle "CM"]
[BlackTitle "WCM"]
[WhiteElo "2183"]
[BlackElo "1974"]
[WhiteFideId "21093245"]
[BlackFideId "34115843"]
[EventDate "2025.06.03"]

1. c4 e5 2. b3 f5 3. Bb2 Nc6 4. g3 Nf6 5. Bg2 d6 6. e3 g6 7. Ne2 Bg7 8. O-O O-O
9. Nbc3 e4 10. d3 exd3 11. Qxd3 Ne5 12. Qc2 Rb8 13. Rfd1 Nfg4 14. h3 Nf6 15. Nb5
a6 16. Bxe5 axb5 17. cxb5 Qe8 18. Qxc7 Qxe5 19. Qxb8 Qxb5 20. Nd4 Qb6 21. Rac1
Ne4 22. Rxc8 d5 23. Rxf8+ Bxf8 24. Bxe4 dxe4 25. Nxf5 gxf5 26. Rd8 Qf6 27. Rxf8+
Qxf8 28. Qxf8+ Kxf8 29. Kf1 Ke7 30. Ke2 Kd6 31. Kd2 Kd5 32. Kc3 Kc5 33. b4+ Kb5
34. Kb3 b6 35. a4+ Kc6 36. Kc4 h5 37. Kd4 Kd6 38. a5 bxa5 39. bxa5 Kc6 40. Ke5
h4 41. gxh4 1-0

[Event "Titled Tue 3rd Jun Early"]
[Site "chess.com INT"]
[Date "2025.06.03"]
[Round "11"]
[White "Gelman, Alexander"]
[Black "Shymanskyi, Oleksandr"]
[Result "1-0"]
[WhiteTitle "IM"]
[BlackTitle "FM"]
[WhiteElo "2403"]
[BlackElo "2218"]
[WhiteFideId "4118316"]
[BlackFideId "14168880"]
[EventDate "2025.06.03"]

1. d4 d5 2. Nc3 Nf6 3. Bf4 a6 4. e3 e6 5. g4 h6 6. h4 c5 7. Qf3 cxd4 8. exd4 Bb4
9. O-O-O Bxc3 10. Qxc3 Ne4 11. Qe1 Nd7 12. f3 Nef6 13. Kb1 Nb6 14. h5 Nc4 15.
Bxc4 dxc4 16. Be5 Qd5 17. Ne2 Bd7 18. Nc3 Qa5 19. a4 O-O-O 20. Nb5 1-0

[Event "Titled Tue 3rd Jun Early"]
[Site "chess.com INT"]
[Date "2025.06.03"]
[Round "11"]
[White "Dwilewicz, Katarzyna"]
[Black "Dubnevych, Maksym"]
[Result "0-1"]
[WhiteTitle "WFM"]
[BlackTitle "FM"]
[WhiteElo "2207"]
[BlackElo "2292"]
[WhiteFideId "1148486"]
[BlackFideId "14184001"]
[EventDate "2025.06.03"]

1. e4 a6 2. d4 g6 3. Bd3 Bg7 4. c3 d6 5. f4 e5 6. Nf3 Bg4 7. h3 Bxf3 8. Qxf3 Ne7
9. Be3 c5 10. fxe5 cxd4 11. cxd4 dxe5 12. d5 O-O 13. O-O Nd7 14. Nc3 b5 15. Rac1
Rc8 16. Rfd1 Kh8 17. d6 Nc6 18. Nd5 Nd4 19. Qf2 Nc5 20. Ne7 Nxd3 21. Rxd3 Rxc1+
22. Bxc1 Qxd6 23. Nd5 f5 24. Qe1 Qc5 25. Be3 fxe4 26. Bxd4 Qxd5 27. Rd1 exd4 28.
Qb4 e3 0-1

[Event "Titled Tue 3rd Jun Early"]
[Site "chess.com INT"]
[Date "2025.06.03"]
[Round "11"]
[White "Matskevich, Varvara"]
[Black "Parfenov, Viktor N."]
[Result "0-1"]
[WhiteTitle "WFM"]
[BlackTitle "CM"]
[WhiteElo "1988"]
[BlackElo "2193"]
[WhiteFideId "13523465"]
[BlackFideId "4165969"]
[EventDate "2025.06.03"]

1. e4 e5 2. Nf3 Nc6 3. Bb5 a6 4. Ba4 Nf6 5. d3 d6 6. O-O g6 7. c3 Bg7 8. Re1 O-O
9. Nbd2 h6 10. Nf1 b5 11. Bb3 d5 12. Qe2 a5 13. a4 b4 14. Ng3 Re8 15. Bd2 bxc3
16. bxc3 Rb8 17. Reb1 Ba6 18. exd5 Nxd5 19. Ne4 Nf4 20. Bxf4 Bxd3 21. Qd2 Bxe4
22. Bxh6 Bxb1 23. Rxb1 e4 24. Ne1 Qxd2 25. Bxd2 Ne5 26. Nc2 Nc4 27. Be1 Rb6 28.
Ba2 Rxb1 29. Bxb1 Rb8 30. Ba2 Rb2 31. Bxc4 Rxc2 32. Bb5 Rc1 33. Kf1 Bxc3 34. Ke2
Rxe1# 0-1

[Event "Titled Tue 3rd Jun Early"]
[Site "chess.com INT"]
[Date "2025.06.03"]
[Round "11"]
[White "Newansa, M Esandi"]
[Black "Manukian, Artak"]
[Result "1-0"]
[WhiteTitle "WCM"]
[WhiteElo "1947"]
[BlackElo "2104"]
[WhiteFideId "9999060"]
[BlackFideId "13301373"]
[EventDate "2025.06.03"]

1. d4 d5 2. Bf4 Nf6 3. e3 Bg4 4. f3 Bd7 5. c4 e6 6. Nc3 c5 7. cxd5 Nxd5 8. Nxd5
exd5 9. a3 Qa5+ 10. Kf2 c4 11. e4 dxe4 12. fxe4 b5 13. Nf3 Nc6 14. a4 Be7 15.
axb5 Qxb5 16. Qc2 Rb8 17. Qxc4 Qxb2+ 18. Be2 O-O 19. Bxb8 Qxb8 20. Rhb1 Qf4 21.
Rb7 Rd8 22. Rxd7 Rxd7 23. Qxc6 Rd8 24. Rxa7 Bg5 25. Qc3 Bh6 26. g3 Qb8 27. Qc7
Qxc7 28. Rxc7 g6 29. d5 Bg7 30. Bc4 Kf8 31. e5 h6 32. d6 f6 33. Rf7+ Kg8 34.
exf6 1-0

[Event "Titled Tue 3rd Jun Early"]
[Site "chess.com INT"]
[Date "2025.06.03"]
[Round "11"]
[White "Cahaya, Satria Duta"]
[Black "Sarana, Alexey"]
[Result "0-1"]
[WhiteTitle "FM"]
[BlackTitle "GM"]
[WhiteElo "2416"]
[BlackElo "2686"]
[WhiteFideId "7124252"]
[BlackFideId "24133795"]
[EventDate "2025.06.03"]

1. e4 e5 2. Nf3 Nc6 3. Bb5 a6 4. Ba4 Nge7 5. O-O Ng6 6. c3 d5 7. exd5 Qxd5 8.
Bb3 Qd3 9. Re1 Be7 10. h3 Bf5 11. Na3 O-O-O 12. Nc4 e4 13. Nh2 Nce5 14. Ne3 Qd7
15. Nxf5 Qxf5 16. Bc2 Nd3 17. Rf1 h5 18. f3 Qc5+ 19. Kh1 Ngf4 20. fxe4 Nf2+ 21.
Rxf2 Qxf2 22. Qf1 Qxf1+ 23. Nxf1 Nd3 24. Ne3 Bg5 25. Nd5 Nxc1 26. Rxc1 c6 27.
Nb6+ Kc7 28. Nc4 Bxd2 29. Rf1 f6 30. e5 Bg5 31. g3 h4 32. e6 hxg3 33. Bg6 f5 34.
Rxf5 Bf6 35. Kg2 b5 36. Ne5 Rd2+ 37. Kxg3 Re2 38. Kf3 Rxe5 39. Rxe5 Bxe5 0-1

[Event "Titled Tue 3rd Jun Early"]
[Site "chess.com INT"]
[Date "2025.06.03"]
[Round "11"]
[White "Kulnev, Aleksandr"]
[Black "Kopczynski, Michal"]
[Result "1-0"]
[WhiteTitle "CM"]
[BlackTitle "CM"]
[WhiteElo "2213"]
[BlackElo "2225"]
[WhiteFideId "54157544"]
[BlackFideId "1124200"]
[EventDate "2025.06.03"]

1. d4 Nf6 2. c4 g6 3. Nf3 Bg7 4. g3 d6 5. Bg2 O-O 6. Nc3 Nfd7 7. O-O Nc6 8. e4
e5 9. Be3 h6 10. d5 Ne7 11. Ne1 f5 12. Nd3 g5 13. f4 exf4 14. gxf4 fxe4 15. Nxe4
Nf5 16. Qd2 g4 17. Kh1 Nb6 18. Rac1 c5 19. dxc6 bxc6 20. Nb4 Qe8 21. Bxb6 axb6
22. Nxd6 Nxd6 23. Qxd6 Rf6 24. Qd2 Bd7 25. Rcd1 Rd8 26. Rfe1 Qf7 27. Nxc6 Rxc6
28. Bd5 Be6 29. Bxe6 Rxd2 30. Bxf7+ Kxf7 31. Rxd2 Rxc4 32. Rd7+ Kg6 33. Rd6+ Bf6
34. Ree6 Rxf4 35. Rxb6 Kg5 36. Rxf6 Rxf6 37. Rxf6 Kxf6 38. Kg2 h5 39. Kg3 Kg5
40. a4 h4+ 41. Kf2 Kf4 42. a5 1-0

[Event "Titled Tue 3rd Jun Early"]
[Site "chess.com INT"]
[Date "2025.06.03"]
[Round "11"]
[White "Kislinsky, Alexey"]
[Black "Odegov, Artem"]
[Result "0-1"]
[WhiteTitle "GM"]
[BlackTitle "FM"]
[WhiteElo "2350"]
[BlackElo "2244"]
[WhiteFideId "14108801"]
[BlackFideId "34183644"]
[EventDate "2025.06.03"]

1. d4 Nf6 2. c4 g6 3. Nf3 Bg7 4. Nc3 O-O 5. e4 d6 6. Be2 Re8 7. O-O Nc6 8. d5
Nb4 9. a3 Na6 10. Qc2 e6 11. dxe6 Bxe6 12. Nd4 Bd7 13. Be3 Nc5 14. f3 Nh5 15.
Rfd1 Qh4 16. Bf2 Qg5 17. Bf1 a6 18. Rac1 Be5 19. Nde2 Ne6 20. g3 Bg7 21. Nd5
Rac8 22. Be3 Qd8 23. b3 b5 24. Nd4 Ng5 25. Bg2 f5 26. exf5 c6 27. h4 Nf7 28.
fxg6 hxg6 29. Qxg6 cxd5 30. Bg5 Nxg5 31. hxg5 Nxg3 32. cxd5 Rxc1 33. Rxc1 Qb6
34. Kh2 Qxd4 35. Rc7 Qh4+ 36. Kg1 Re1+ 37. Kf2 Ne4# 0-1

[Event "Titled Tue 3rd Jun Early"]
[Site "chess.com INT"]
[Date "2025.06.03"]
[Round "11"]
[White "Kovalchuk, Alexey"]
[Black "Lamard, Guillaume"]
[Result "0-1"]
[WhiteTitle "FM"]
[BlackTitle "GM"]
[WhiteElo "2304"]
[BlackElo "2500"]
[WhiteFideId "24154385"]
[BlackFideId "600261"]
[EventDate "2025.06.03"]

1. d4 Nf6 2. c4 g6 3. Nc3 d5 4. cxd5 Nxd5 5. e4 Nxc3 6. bxc3 Bg7 7. Nf3 c5 8.
Bb5+ Nd7 9. O-O O-O 10. Be3 a6 11. Bd3 cxd4 12. cxd4 b5 13. a4 bxa4 14. Rxa4 Bb7
15. Qe2 Nf6 16. d5 e6 17. dxe6 fxe6 18. Rb1 Bc6 19. Rc4 Bb5 20. Rd4 Bxd3 21.
Qxd3 Qc8 22. Rc4 Qe8 23. Bc5 Rf7 24. Ne5 Rc7 25. Bd6 Rxc4 26. Qxc4 Rc8 27. Qxa6
Nxe4 28. Nf3 Rc6 0-1

[Event "Titled Tue 3rd Jun Early"]
[Site "chess.com INT"]
[Date "2025.06.03"]
[Round "11"]
[White "Skiadopoulos, Nikolaos"]
[Black "Montano Vicente, Guadalupe"]
[Result "0-1"]
[WhiteTitle "CM"]
[WhiteElo "1882"]
[BlackElo "1940"]
[WhiteFideId "4200772"]
[BlackFideId "5181399"]
[EventDate "2025.06.03"]

1. e4 c5 2. Nf3 d6 3. Bb5+ Nd7 4. O-O Nf6 5. Re1 e5 6. c3 Be7 7. d4 Qc7 8. Na3
O-O 9. Bg5 a6 10. Bxd7 Bxd7 11. dxe5 dxe5 12. Nc4 h6 13. Bh4 Bg4 14. h3 Bxf3 15.
Qxf3 b5 16. Ne3 Qc6 17. Bxf6 Qxf6 18. Nf5 Rfd8 19. Red1 Bf8 20. Rxd8 Rxd8 21.
Rd1 Rxd1+ 22. Qxd1 Qe6 23. Qd8 h5 24. g3 g6 25. Ne3 Qe7 26. Qc8 Qe6 27. Nd5 Qxc8 0-1

[Event "Titled Tue 3rd Jun Early"]
[Site "chess.com INT"]
[Date "2025.06.03"]
[Round "11"]
[White "Arslanov, Shamil"]
[Black "Todorovic, Bojan"]
[Result "0-1"]
[WhiteTitle "IM"]
[BlackTitle "FM"]
[WhiteElo "2410"]
[BlackElo "2111"]
[WhiteFideId "4192826"]
[BlackFideId "917087"]
[EventDate "2025.06.03"]

1. d4 g6 2. h4 Nf6 3. h5 Nxh5 4. g4 Nf6 5. g5 Nh5 6. e4 Bg7 7. Nc3 c5 8. Rxh5
gxh5 9. Qxh5 cxd4 10. Bc4 e6 11. Nb5 d5 12. exd5 exd5 13. Bxd5 O-O 14. Be4 Re8
15. Qxh7+ Kf8 16. b3 Rxe4+ 17. Qxe4 Qa5+ 18. c3 Qxb5 19. Ba3+ Kg8 20. O-O-O Bf5
21. Qf4 Nc6 22. Nf3 Qa6 23. Kb2 dxc3+ 24. Ka1 Qxa3 0-1

[Event "Titled Tue 3rd Jun Early"]
[Site "chess.com INT"]
[Date "2025.06.03"]
[Round "11"]
[White "Jake Shanty"]
[Black "Vidal Melendez, Ismael David"]
[Result "1-0"]
[WhiteTitle "FM"]
[BlackTitle "FM"]
[WhiteElo "2252"]
[BlackElo "2294"]
[WhiteFideId "33478066"]
[BlackFideId "3901718"]
[EventDate "2025.06.03"]

1. Nf3 d5 2. e3 Nf6 3. b3 e6 4. Bb2 Be7 5. d4 O-O 6. Nbd2 b6 7. Bd3 Ba6 8. Bxa6
Nxa6 9. O-O c5 10. Qe2 Qc8 11. c4 Nc7 12. Rac1 Qa6 13. a4 Rac8 14. Ne5 cxd4 15.
Bxd4 Bd6 16. Rfd1 Rfe8 17. Qf3 dxc4 18. Ndxc4 Bf8 19. g4 b5 20. axb5 Nxb5 21. g5
Nxd4 22. exd4 Nd5 23. Qxf7+ Kh8 24. Ne3 Re7 25. Qh5 Rce8 26. Ng6+ Kg8 27. Nxe7+ 1-0

[Event "Titled Tue 3rd Jun Early"]
[Site "chess.com INT"]
[Date "2025.06.03"]
[Round "11"]
[White "Piddubna, Bozhena"]
[Black "Guliev, Gasan"]
[Result "0-1"]
[WhiteTitle "WFM"]
[BlackTitle "CM"]
[WhiteElo "2174"]
[BlackElo "2123"]
[WhiteFideId "34109293"]
[BlackFideId "34165638"]
[EventDate "2025.06.03"]

1. d4 Nf6 2. c4 e6 3. Nf3 d5 4. g3 Be7 5. Bg2 O-O 6. O-O dxc4 7. Qc2 b5 8. a4 a6
9. axb5 Bb7 10. bxa6 Nxa6 11. Na3 Nb4 12. Qxc4 Ba6 13. Qc3 Bxe2 14. Re1 Ba6 15.
Bf4 Nfd5 16. Qd2 Nd3 17. Red1 N3xf4 18. gxf4 Bd6 19. Ne5 Qh4 20. f5 Nf4 21. Qe3
Nxg2 22. Kxg2 Bb7+ 23. f3 f6 24. Nb5 Rxa1 25. Rxa1 fxe5 0-1

[Event "Titled Tue 3rd Jun Early"]
[Site "chess.com INT"]
[Date "2025.06.03"]
[Round "11"]
[White "Skliarov, Viktor"]
[Black "Hansen, Sune Berg"]
[Result "1/2-1/2"]
[WhiteTitle "IM"]
[BlackTitle "GM"]
[WhiteElo "2334"]
[BlackElo "2503"]
[WhiteFideId "14106736"]
[BlackFideId "1400266"]
[EventDate "2025.06.03"]

1. e4 c5 2. Nf3 Nc6 3. Bb5 Nf6 4. Bxc6 dxc6 5. d3 g6 6. O-O Bg7 7. Nbd2 O-O 8.
a4 Ne8 9. Nc4 Nc7 10. a5 Bg4 11. h3 Bxf3 12. Qxf3 Ne6 13. c3 Qc7 14. Rd1 Rfd8
15. Qe2 b5 16. axb6 axb6 17. Rxa8 Rxa8 18. g3 b5 19. Ne3 Qd7 20. Kg2 Ra2 21. Qc2
Ra8 22. f4 Rd8 23. f5 Nc7 24. Qf2 b4 25. Nc4 bxc3 26. bxc3 Nb5 27. Bb2 Bxc3 28.
Qxc5 Bxb2 29. Nxb2 gxf5 30. Qxf5 Qxf5 31. exf5 h5 32. g4 hxg4 33. hxg4 Rd4 34.
Kf3 1/2-1/2

[Event "Titled Tue 3rd Jun Early"]
[Site "chess.com INT"]
[Date "2025.06.03"]
[Round "11"]
[White "Bortnyk, Olexandr"]
[Black "Ter-Sahakyan, Samvel"]
[Result "1/2-1/2"]
[WhiteTitle "GM"]
[BlackTitle "GM"]
[WhiteElo "2601"]
[BlackElo "2611"]
[WhiteFideId "14120828"]
[BlackFideId "13302531"]
[EventDate "2025.06.03"]

1. d4 d5 2. Nc3 Nf6 3. Bf4 c5 4. e4 Nxe4 5. Nxe4 dxe4 6. dxc5 Nd7 7. Be3 e6 8.
b4 a5 9. a3 Be7 10. Bb5 Bf6 11. Bd4 O-O 12. Ne2 Ne5 13. O-O Bd7 14. Bxd7 Qxd7
15. Bxe5 Qxd1 16. Raxd1 Bxe5 17. Rd7 axb4 18. axb4 Ra2 19. Rc1 Rb8 20. g4 Rb2
21. Rcd1 g6 22. Re7 Bf6 23. Rc7 Be5 24. Re7 Bf6 25. Rc7 Be5 26. Re7 1/2-1/2

[Event "Titled Tue 3rd Jun Early"]
[Site "chess.com INT"]
[Date "2025.06.03"]
[Round "11"]
[White "Diachek, Andrii"]
[Black "Kurmangaliyeva, Liya"]
[Result "0-1"]
[WhiteTitle "CM"]
[BlackTitle "FM"]
[WhiteElo "2226"]
[BlackElo "2246"]
[WhiteFideId "34106499"]
[BlackFideId "13725831"]
[EventDate "2025.06.03"]

1. c4 e5 2. Nc3 Be7 3. Nf3 d6 4. e3 f5 5. d4 e4 6. Nd2 Nf6 7. Be2 O-O 8. O-O c6
9. f3 d5 10. cxd5 cxd5 11. Qb3 Kh8 12. fxe4 dxe4 13. Nc4 Nc6 14. Bd2 Rb8 15. Be1
b5 16. Nd2 Na5 17. Qc2 Bd7 18. Bg3 Rc8 19. a3 Nd5 20. Bf4 Nxf4 21. exf4 Be6 22.
Kh1 Qxd4 23. Nxb5 Qe3 24. Nc3 Qxe2 25. Rae1 Qa6 26. Qa4 Qb6 27. b4 Rxc3 28. bxa5
Qc6 29. Qd4 Bf6 30. Qxa7 Rc2 31. Qe3 Rd8 32. Rd1 Qc3 33. Qxc3 Rxc3 34. a6 Rxa3 0-1

[Event "Titled Tue 3rd Jun Early"]
[Site "chess.com INT"]
[Date "2025.06.03"]
[Round "11"]
[White "Reshetnikov, Alexey"]
[Black "Vokhidov, Shamsiddin"]
[Result "0-1"]
[WhiteTitle "IM"]
[BlackTitle "GM"]
[WhiteElo "2492"]
[BlackElo "2641"]
[WhiteFideId "4162080"]
[BlackFideId "14204223"]
[EventDate "2025.06.03"]

1. d4 Nf6 2. c4 e6 3. Nf3 d5 4. Nc3 Be7 5. Bg5 h6 6. Bh4 O-O 7. e3 b6 8. Rc1 Bb7
9. cxd5 exd5 10. Bd3 c5 11. O-O Nc6 12. Bb1 c4 13. a4 Na5 14. Bc2 Re8 15. Ne5
Nd7 16. Bxe7 Qxe7 17. Nxd7 Qxd7 18. Qh5 a6 19. Rfe1 Rad8 20. Rcd1 b5 21. axb5
axb5 22. e4 dxe4 23. Nxe4 Bxe4 24. Bxe4 Nb3 25. d5 Qd6 26. g3 Qf6 27. Qf5 Qxf5
28. Bxf5 Rxe1+ 29. Rxe1 g6 30. Bc2 Nd4 31. Be4 Re8 32. Kf1 Kf8 33. d6 Rd8 34.
Ra1 Rxd6 35. Ra7 Nb3 36. Kg2 Nc5 37. Bf3 Nd3 38. Rb7 Ne1+ 0-1